01583nam a2200373Ia 4500001001200000003000800012006001900020007001500039008004100054010001700095020001500112020002800127040002100155035002000176050002300196082002200219100003400241245015000275260006000425300003100485490005500516504005100571533015200622650004700774650004500821650004800866650003300914650001700947655002900964710001700993830005601010856012601066999001701192ebr10021637CaPaEBRm u cr cn|||||||||000925s2001 mduab sb 001 0 eng d z 00011509  z0801872839 z080186626X (alk. paper) aCaPaEBRcCaPaEBR a(OCoLC)5148079214aTC455b.M34 2001eb04a627/.094/09022211 aMagnusson, Roberta J.,d1952-10aWater technology in the Middle Agesh[electronic resource] :bcities, monasteries, and waterworks after the Roman Empire /cRoberta J. Magnusson. aBaltimore :bThe Johns Hopkins University Press,c2001. axiv, 238 p. :bill., maps.1 aJohns Hopkins studies in the history of technology aIncludes bibliographical references and index. aElectronic reproduction.bPalo Alto, Calif. :cebrary,d2013.nAvailable via World Wide Web.nAccess may be limited to ebrary affiliated libraries. 0aWater-supply engineeringzEuropexHistory. 0aMunicipal water supplyzEuropexHistory. 0aMonasterieszEuropexWater-supplyxHistory. 0aWaterworkszEuropexHistory. 0aMiddle Ages. 7aElectronic books.2local2 aebrary, Inc. 0aJohns Hopkins studies in the history of technology.40uhttp://site.ebrary.com/lib/rucke/Doc?id=10021637zAn electronic book accessible through the World Wide Web; click to view c25165d25165